Procedimientos de sondeos (Record no. 123013)
[ view plain ]
| 000 -LEADER | |
|---|---|
| campo de control de longitud fija | 00461nam a2200145 4500 |
| 001 - NÚMERO DE CONTROL | |
| campo de control | 123013 |
| 003 - IDENTIFICADOR DE NÚMERO DE CONTROL | |
| campo de control | ES-MaACL |
| 007 - CAMPO FIJO DE DESCRIPCIÓN FÍSICA--INFORMACIÓN GENERAL | |
| campo de control de longitud fija | t| |
| 008 - DATOS DE LONGITUD FIJA--INFORMACIÓN GENERAL | |
| campo de control de longitud fija | 070214s1977 sp r ||||0| spa d |
| 100 1# - ENTRADA PRINCIPAL--NOMBRE DE PERSONA | |
| Nombre de persona | Puy Huarte, Jesús. |
| 9 (RLIN) | 94443 |
| 245 10 - MENCIÓN DEL TÍTULO | |
| Título | Procedimientos de sondeos |
| Resto del título | : teoría, práctica y aplicaciones / |
| Mención de responsabilidad, etc. | Jesús Puy Huarte. |
| 260 ## - PUBLICACIÓN, DISTRIBUCIÓN, ETC. | |
| Lugar de publicación, distribución, etc. | Madrid : |
| Nombre del editor, distribuidor, etc. | Servicio de Publicaciones de la J.E.N, |
| Fecha de publicación, distribución, etc. | 1977. |
| 300 ## - DESCRIPCIÓN FÍSICA | |
| Extensión | 553 p ; |
| Dimensiones | 22 cm. |
| 852 ## - LOCALIZACIÓN | |
| Ubicación | ES-MaACL |
| Número de control de estantería | G-4336 |
| Sublocalización o colección | R.100065 |
| Estatus retirado | Estado de pérdida | Estado de daño | No para préstamo | Biblioteca de origen | Biblioteca actual | Ubicación en estantería | Fecha de adquisición | Fuente de adquisición | Total de préstamos | Signatura topográfica completa | Código de barras | Visto por última vez | Precio de reemplazo | Tipo de ítem Koha |
|---|---|---|---|---|---|---|---|---|---|---|---|---|---|---|
| Biblioteca del Ateneo de Madrid | Biblioteca del Ateneo de Madrid | Depósito 2 | 17/01/2008 | G-4336 | 1128184 | 23/02/2023 | 23/02/2023 | Libro impreso |
